000 00595nam a2200229Ia 4500
003 OSt
005 20220924150714.0
006 a|||||r|||| 00| 0
007 ta
008 220923b |||||||| |||| 00| 0 ara d
024 _a334268
037 _cTextual
040 _aARTS
_cARTS
_bara
041 _2ara
_aara
082 _aO111,3M85:g(V), 28L8
100 _aLukacs Georg Au.
_9222736
245 0 _aArroyatul tareekhia
260 _c1978
650 _aENGLISH FICTION
942 _hO111,3M85:g(V), 28L8
_cTEXL
_2CC
999 _c464239
_d464239